| 000 | 00865nam a22002777a 4500 | ||
|---|---|---|---|
| 001 | BR8704138 | ||
| 003 | BR-BrBNA | ||
| 005 | 20230928092653.0 | ||
| 007 | ta | ||
| 008 | 230509b bl.||||| |||| 00| 0 por d | ||
| 040 |
_aBR-BrBNA _bpor _cBiblioteca Nacional de Agricultura |
||
| 041 | _a(Por) | ||
| 072 |
_aP10 _b/G514 _b/GZ65 |
||
| 090 | _ P10 BR8704138 | ||
| 100 | 1 | _aMortatti, J. | |
| 110 | 1 |
_aEscola Superior de Agricultura Luiz de Queiroz, Piracicaba, SP (Brasil) _0Tese (Doutor em Agronomia) |
|
| 245 | 1 | _aCaracterizacao biogeoquimica dos principais rios do estado de Rondonia | |
| 260 | 3 |
_aPiracicaba, SP (Brasil): _c1986. |
|
| 300 | _a140 p. | ||
| 500 | _a33 illus.; 24 tables; 37 ref.; Summaries (Eng, Por) | ||
| 650 | _aANALISE QUIMICA | ||
| 650 | _aRIO MADEIRA | ||
| 650 | _aRONDONIA | ||
| 909 |
_a202309 _bLucia _c55 _dLucia Elande |
||
| 942 | _cBK | ||
| 999 |
_c40505 _d40505 |
||